MARC

LEADER 00000nam0a2200000 4500
001 318132
005 20231102003039.0
035 |a (RuTPU)RU\TPU\book\343613 
035 |a RU\TPU\book\64336 
090 |a 318132 
100 |a 20160420d1977 k y0rusy50 ca 
101 0 |a rus 
102 |a UA 
105 |a y z 001zy 
200 1 |a Экономика промышленного производства  |f С. Ф. Покропивный, О. Г. Белорус, А. С. Федонин  |g под ред. С. Ф. Покропивного 
210 |a Киев  |c Технiка  |d 1977 
215 |a 351 с. 
225 1 |a Библиотека инженера 
320 |a Библиогр.: с. 342-343 
320 |a Предметный указатель: с. 344-348 
606 1 |a Промышленные предприятия  |x Экономика  |2 stltpush  |3 (RuTPU)RU\TPU\subj\52720  |9 71123 
610 1 |a промышленное производство 
610 1 |a управление 
610 1 |a планирование 
610 1 |a стимулирование 
610 1 |a организация 
610 1 |a продукция 
610 1 |a производственные мощности 
610 1 |a основные фонды 
610 1 |a производительность труда 
610 1 |a себестоимость 
610 1 |a прибыль 
610 1 |a хозрасчет 
610 1 |a качество 
675 |a 658  |v 3 
700 1 |a Покропивный  |b С. Ф.  |g Сергей Федорович 
701 1 |a Белорус  |b О. Г.  |g Олег Григорьевич 
701 1 |a Федонин  |b А. С.  |g Алексей Сергеевич 
702 1 |a Покропивный  |b С. Ф.  |g Сергей Федорович  |4 340 
801 1 |a RU  |b 63413507  |c 20040220  |g PSBO 
801 2 |a RU  |b 63413507  |c 20220203  |g PSBO 
942 |c BK